<?xml version="1.0" encoding="UTF-8"?>
<collection xmlns="http://www.loc.gov/MARC21/slim">
 <record>
  <leader>01157ntm a22002655a 4500</leader>
  <controlfield tag="001">MAT.inmabb007028</controlfield>
  <controlfield tag="008">100517s2009####ag#a#####bm###000#0#spa#d</controlfield>
  <controlfield tag="005">20160328184101.0</controlfield>
  <datafield tag="245" ind1="1" ind2="4">
   <subfield code="a">Una contribución al estudio de álgebras de De Morgan modales 4-valuadas /</subfield>
   <subfield code="c">Estela A. Bianco.</subfield>
  </datafield>
  <datafield tag="260" ind1=" " ind2=" ">
   <subfield code="c">2009.</subfield>
  </datafield>
  <datafield tag="300" ind1=" " ind2=" ">
   <subfield code="a">viii, 77 h. :</subfield>
   <subfield code="b">il. ;</subfield>
   <subfield code="c">30 cm.</subfield>
  </datafield>
  <datafield tag="500" ind1=" " ind2=" ">
   <subfield code="a">Director de tesis: Alicia N. Ziliani.</subfield>
  </datafield>
  <datafield tag="500" ind1=" " ind2=" ">
   <subfield code="a">&quot;Tesis de Magíster en Matemática&quot;.</subfield>
  </datafield>
  <datafield tag="502" ind1=" " ind2=" ">
   <subfield code="a">Tesis (magíster)--Universidad Nacional del Sur. Departamento de Matemática, 2009.</subfield>
  </datafield>
  <datafield tag="504" ind1=" " ind2=" ">
   <subfield code="a">Incluye referencias bibliográficas (p. 72-77).</subfield>
  </datafield>
  <datafield tag="530" ind1=" " ind2=" ">
   <subfield code="a">Disponible también en formato digital.</subfield>
  </datafield>
  <datafield tag="100" ind1="1" ind2=" ">
   <subfield code="a">Bianco, Estela A.</subfield>
   <subfield code="4">dis</subfield>
  </datafield>
  <datafield tag="700" ind1="1" ind2=" ">
   <subfield code="a">Ziliani, Alicia N.</subfield>
   <subfield code="q">(Alicia Nora)</subfield>
   <subfield code="4">ths</subfield>
  </datafield>
  <datafield tag="710" ind1="2" ind2=" ">
   <subfield code="a">Universidad Nacional del Sur.</subfield>
   <subfield code="b">Departamento de Matemática</subfield>
   <subfield code="4">dgg.</subfield>
  </datafield>
  <datafield tag="082" ind1="0" ind2="4">
   <subfield code="a">040</subfield>
   <subfield code="2">15</subfield>
  </datafield>
  <datafield tag="650" ind1=" " ind2="7">
   <subfield code="a">Matemáticas.</subfield>
   <subfield code="2">unbist</subfield>
  </datafield>
  <datafield tag="650" ind1=" " ind2="7">
   <subfield code="a">Álgebra.</subfield>
   <subfield code="2">unbist</subfield>
  </datafield>
  <datafield tag="856" ind1="4" ind2="1">
   <subfield code="u">http://repositoriodigital.uns.edu.ar/handle/123456789/2051</subfield>
   <subfield code="3">Texto completo</subfield>
  </datafield>
  <datafield tag="859" ind1=" " ind2=" ">
   <subfield code="a">Ar-BaUNS</subfield>
   <subfield code="b">BIB. MATEMATICA</subfield>
   <subfield code="h">040</subfield>
   <subfield code="i">B148 2009-990b</subfield>
   <subfield code="k">R</subfield>
   <subfield code="p">121453/010</subfield>
  </datafield>
  <datafield tag="859" ind1=" " ind2=" ">
   <subfield code="a">Ar-BaUNS</subfield>
   <subfield code="b">BIB. MATEMATICA</subfield>
   <subfield code="h">040</subfield>
   <subfield code="i">B148 2009-990b</subfield>
   <subfield code="p">121454/010</subfield>
  </datafield>
 </record>
</collection>
